00415nam a22001577a 450000500170000001000150001702000260003203500140005803700130007208200060008510000100009124500530010126000400015427000410019430000220023520170526143534.0 aENG-118179 a9789351868255c400.00 aEN-101711 bDBAD/PUB aS aPriya aSunrays for friday /cby Priya and Sanjay Tandon aNew Delhi bPRABHAT PRAKASHANc2016 a4/19 Asaf Ali Road, New Delhi-110002 a216p.c21cm. (Hb)